000
00322nam a2200133Ia 4500
008
230917s9999||||xx |||||||||||||| ||und||
040
_e
27304
_a
MAIN
041
_a
English
082
_a
910.1331 P977S
100
_a
Purushotam
245
0
_a
Spatial analysis of work force in rural India
300
_a
285 p.
942
_c
BK
999
_c
97259
_d
97259